Začleňovanie Európskeho dohovoru o ľudských právach do nášho právneho poriadku. 2

Príprava návrhov nových právnych úprav v súvislosti s harmonizáciou právnych poriadkov Európskeho spoločenstva. Ide o oblasť ochrany ľudských práv a základných slobôd ako aj ústavného súdnictva.

Enregistré dans:
Détails bibliographiques
Auteur principal: Grman, Štefan
Format: Chapitre de livre
Langue:slovaque
Sujets:
Tags: Ajouter un tag
Pas de tags, Soyez le premier à ajouter un tag!

MARC

LEADER 00000naa a2200000 4500
001 r015665
005 20221213114911.1
041 0 |a slo 
044 |a SK 
245 1 0 |a Začleňovanie Európskeho dohovoru o ľudských právach do nášho právneho poriadku. 2  |c Štefan Grman 
520 |a Príprava návrhov nových právnych úprav v súvislosti s harmonizáciou právnych poriadkov Európskeho spoločenstva. Ide o oblasť ochrany ľudských práv a základných slobôd ako aj ústavného súdnictva. 
610 2 0 |a práva ľudské 
610 2 0 |a právo medzinárodné verejné 
610 2 0 |a Európske spoločenstvá 
610 2 0 |a poriadok právny 
610 2 0 |a právo ústavné 
610 2 0 |a Slovensko 
100 1 |a Grman, Štefan